Normal view
MARC view
Entry Personal Name
001 - CONTROL NUMBER
- control field: 30515
003 - CONTROL NUMBER IDENTIFIER
- control field: ARRUPE
005 - DATE AND TIME OF LATEST TRANSACTION
- control field: 20170504112241.0
008 - FIXED-LENGTH DATA ELEMENTS
- fixed length control field: 170504|| aca||aabn | a|a d
040 ## - CATALOGING SOURCE
- Original cataloging agency: ARRUPE
- Transcribing agency: ARRUPE
100 ## - HEADING--PERSONAL NAME
- Personal name: Hargreaves, John D.
670 ## - SOURCE DATA FOUND
- Source citation: Work cat.: (ARRUPE)43216: Hargreaves, John D., Prelude to the partition of West Africa., 1963.